000
00333nam a22001457a 4500
008
211019b ||||| |||| 00| 0 eng d
020
_a
9780716728320
041
_a
eng
080
_2
3rd
_a
540
082
_a
540
100
_a
12
101
_a
KIM
245
_a
Chemistry Molecules, Matter, and Change
_c
Atkins,P
942
_2
udc
_c
BK
999
_c
58280
_d
58280